Katastrálny zákon: Komentár /
Enregistré dans:
| Auteurs principaux: | , |
|---|---|
| Autres auteurs: | |
| Format: | Livre |
| Langue: | slovaque |
| Publié: |
Bratislava:
C. H. Beck,
2021
|
| Édition: | 1. vyd. |
| Collection: | Beckova edícia komentované zákony
|
| Sujets: | |
| Tags: |
Pas de tags, Soyez le premier à ajouter un tag!
|
MARC
| LEADER | 00000nam a22000003a 4500 | ||
|---|---|---|---|
| 001 | 0108215 | ||
| 003 | SK-STU | ||
| 005 | 20240131140836.6 | ||
| 007 | ta | ||
| 008 | 240131s ----xo-----e------000-0-----d | ||
| 020 | |a 978-80-89603-96-1 | ||
| 040 | |a STU |b slo | ||
| 041 | 0 | |a slo |h slo | |
| 044 | |a xo | ||
| 100 | 1 | |a Fečík, Marián |4 aut | |
| 245 | 1 | 0 | |a Katastrálny zákon: |b Komentár / |c aut. Marián Fečík, Róbert Jakubáč ; rec. Jana Baricová |
| 250 | |a 1. vyd. | ||
| 260 | |a Bratislava: |b C. H. Beck, |c 2021 | ||
| 300 | |a 1120 s. | ||
| 490 | 0 | |a Beckova edícia komentované zákony | |
| 650 | 0 | 7 | |a katastrálny zákon |
| 700 | 1 | |a Jakubáč, Róbert |4 aut | |
| 700 | 1 | |a Baricová, Jana |4 rev | |
| 996 | |c V* 53580/O-24740 |l VV4 |s P |a 0 |w 0108215_0001 | ||